On This Day: July 13th II Quiz Stats

 Plays Quiz Updated Jul 13, 2018

Score 0/7 Timer 03:00
0 Plays Today
Question Answer Wrong Answers
This English actor, known for playing Jean-Luc Picard and Professor Charles Xavier, is born.
1940
Patrick Stewart
86.8%
Michael Gambon
1.8%
Ian McKellen
6.9%
Sean Connery
3.5%
This Massachusetts senator is nominated as the Democratic candidate for president at the Democratic National Convention in Los Angeles.
1960
John F. Kennedy
84.4%
Robert Kennedy
10%
Lyndon B. Johnson
2.2%
George McGovern
2.4%
UN Security Council Resolution 1999 admits this African state to member status, just six months after 98% of voters approved independence in a referendum.
2011
South Sudan
80.4%
Western Sahara
3.4%
eSwatini
2.9%
Côte d’Ivoire
11.9%
This British queen becomes the first monarch to live in Buckingham Palace.
1837
Victoria
76.3%
Elizabeth I
13.9%
Elizabeth II
4.8%
Mary I
4.6%
The Carabinieri, the national gendarmerie of this country, is established.
1814
Italy
75%
Switzerland
10%
France
10.4%
Spain
4.4%
Later commemorated in a famous Jacques-Louis David painting, French revolutionary Jean-Paul Marat is assassinated by Charlotte Corday in a ______.
1793
Bathtub
70.6%
Bed
9%
Carriage
9.4%
Cathedral
11%
The first FIFA World Cup, hosted and won by this country, begins.
1930
Uruguay
47.9%
Brazil
22.6%
France
11.3%
England
17.5%

You're not logged in!

Compare scores with friends on all Sporcle quizzes.
OR
Log In

Sporcle TV

Today on Sporcle TV


Watch our educational content, quiz creation guides, and fun videos on Sporcle TV.

Show Comments

Extras

Top Quizzes Today


Score Distribution

Your Account Isn't Verified!

In order to create a playlist on Sporcle, you need to verify the email address you used during registration. Go to your Sporcle Settings to finish the process.

Report this User

Report this user for behavior that violates our Community Guidelines.

Details: